John Legend Charting Songs (Billboard Hot 100) - Statistics

General Stats
  • This quiz has been taken 30 times
    7 since last reset
  • The average score is 9 of 24
Answer Stats
Album Weeks On Peak Artist(s) Song % Correct
Love in the Future 59 Weeks #1 (3 Weeks) John Legend All of Me
100%
Get Lifted 20 Weeks #24 John Legend Ordinary People
83%
Title 39 Weeks #8 Meghan Trainor ft. John Legend Like I'm Gonna Lose You
67%
Darkness and Light 19 Weeks #23 John Legend Love Me Now
67%
Beauty and the Beast 1 Week #87 Ariana Grande & John Legend Beauty and the Beast
50%
Selma 3 Weeks #49 Common & John Legend Glory
50%
Evolver 26 Weeks #24 John Legend ft. Andre 3000 Green Light
50%
Father of Asahd 2 Weeks #21 DJ Khaled ft. Nipsey Hussle & John Legend Higher
50%
Dark Sky Paradise 10 Weeks #82 Big Sean ft. Kanye West & John Legend One Man Can Change the World
50%
Non-Album Single 1 Week #86 John Legend Conversations in the Dark
33%
God Did 3 Weeks #17 DJ Khaled ft. Lil Wayne, John Legend, Rick Ross, Jay-Z & Fridayy God Did
33%
Deeper Than Rap 11 Weeks #62 Rick Ross ft. John Legend Magnificent
33%
Heroes & Villains 2 Weeks #48 Metro Boomin' & John Legend On Time
33%
Let God Sort Em Out 1 Week #92 Clipse, John Legend & Voices of Fire The Birds Don't Sing
33%
Think Like a Man OST 12 Weeks #79 John Legend ft. Ludacris Tonight (Best You Ever Had)
33%
Get Lifted 13 Weeks #74 John Legend Used To Love U
33%
Love in the Future 2 Weeks #66 John Legend You & I (Nobody in the World)
33%
The Big Day 1 Week #94 Chance The Rapper ft. John Legend All Day Long
17%
A Legendary Christmas 1 Week #69 John Legend Happy Xmas (War is Over)
17%
My Gift 3 Weeks #54 Carrie Underwood & John Legend Hallelujah
0%
Non-Album Single 2 Weeks #89 Kane Brown & John Legend Last Time I Say Sorry
0%
Once Again 6 Weeks #61 John Legend Save Room
0%
Detroit Deli (A Taste of Detroit) 17 Weeks #55 Slum Village ft. Kanye West & John Legend Selfish
0%
Tha Carter IV 1 Week #95 Lil Wayne ft. John Legend So Special
0%
No matching quizzes found
Score Distribution
Percent of People with Each Score
Percentile by Number Answered
Your Score History
You have not taken this quiz since the last reset